00520nam a2200193Ia 4500003000400000005001700004008004100021020002900062040001700091082001800108100001700126245007200143250001300215260003000228300001500258650001800273650001700291700001800308IIN20240122163033.0231217s9999 xx 000 0 und d cRs.695.00a9788131261194 aIINbEnglish a616.9041bNAG1 aNagoba, B.S.1 aMedical Microbiology and ParasitologycB.S. Nagoba and Asha Pichare a.-4th ed bElsevieraNew Delhic2020 axv, 829 p.1 aMicrobiology 1 aParasitology1 aPichare, Asha